| 000 | 00854nam a2200229Ia 4500 | ||
|---|---|---|---|
| 001 | 5328 | ||
| 003 | GE_BSU | ||
| 008 | 181216s||||||||xx |||||||||||||| ||und|| | ||
| 010 | _aИзд.5, исправ. | ||
| 040 | _cGE_BSU | ||
| 080 | _a514+517.2+517.3(075.8) | ||
| 100 | _aВласов, А.К. | ||
| 245 | _aКурс высшей математики. т.1 Аналитическая геометрия. Дифференциальное и интегральное исчисления (часть перая) | ||
| 245 | _bУчебное пособие для еузов | ||
| 260 | _aМ-Л | ||
| 260 | _bГостехиздат | ||
| 260 | _c1952 | ||
| 300 | _a475с.22см. | ||
| 653 | _aДифференциальное и нтегральное исчисления | ||
| 653 | _aКурс высшей математики | ||
| 942 | _cBK | ||
| 999 |
_c38909 _d38909 |
||